000 00873nas a2200253 4500
001 BR8102454
003 BR-BrBNA
005 20231205084702.0
007 ta
008 230509b bl.|||p| |||| 00| 00por d
040 _aBR-BrBNA
_bpor
_cBiblioteca Nacional de Agricultura
041 _a(Pt)
072 _aL30
100 1 _aSilva, U.R. da
100 1 _aGarcia, R.
245 1 _aValor nutritivo do capim buffel (Cenchrus ciliaris L.)(cv. Gayndah)[Brasil]
_bParte de tese
246 1 _a[Nutritious value of buffel grass (Cenchrus ciliaris L.)(cv. Gayndah)[Brazil]]
_b[Part of thesis]
650 _aNutricao animal
650 _aCapim buffel
650 _aValor nutritivo
773 0 _tRevista da Sociedade Brasileira de Zootecnia (Brazil)
_xISSN 0100-4859
_g(1980), v. 9(2) p. 343-359
_wBR8102454
909 _a202311
_bLúcia
_c55
_dLúcia Elande
942 _2AGRIS
_n0
_cANA
999 _c106659
_d106659